Indian Economy: (Record no. 183276)

MARC details
000 -LEADER
fixed length control field 00611 a2200181 4500
005 - DATE AND TIME OF LATEST TRANSACTION
control field 20211221165540.0
010 ## - LCCN (DPL NO)
LC control number ENG-130479
020 ## - INTERNATIONAL STANDARD BOOK NUMBER
International Standard Book Number 978-93-89691-97-9
Terms of availability 195.00
035 ## - SYSTEM CONTROL NUMBER
System control number EN-114011
037 ## - SOURCE OF ACQUISITION
Source of stock number/acquisition DBAD/PUB
082 ## - DEWEY DECIMAL CLASSIFICATION NUMBER
Classification number 330.954
Item number 1
100 ## - MAIN ENTRY--PERSONAL NAME
Personal name Karuppiah, Sankarganesh
245 ## - TITLE STATEMENT
Title Indian Economy:
Statement of responsibility, etc Sankarganesh Karuppiah
Remainder of title Key Concepts
260 ## - PUBLICATION, DISTRIBUTION, ETC. (IMPRINT)
Place of publication, distribution, etc Tamill Nadu
Name of publisher, distributor, etc McGraw Hill Education Private Limited
Date of publication, distribution, etc 2021
270 ## - ADDRESS
Address 444/1, Sri Ekambara Naicker Industrial Estate, Alapakkam, Porur
City Chennai
Postal code 600116
300 ## - PHYSICAL DESCRIPTION
Extent 196p.
Dimensions 24cm (pbk)
942 ## - ADDED ENTRY ELEMENTS (KOHA)
Institution code [OBSOLETE] dpl
Item type English Books
Source of classification or shelving scheme Dewey Decimal Classification
Classification part 330.954
Call number suffix KAR
Holdings
Withdrawn status Lost status Not for loan Collection code Home library Current library Date acquired Source of acquisition Cost, normal purchase price Full call number Barcode Copy number Cost, replacement price Koha item type
      Non-fiction Mobile Library Mobile Library 21/12/2021 DBAD/PUB 195.00 330.954 KAR EN-114011 1 195.00 English Books

© Delhi Public Library
Hit Counter
free hit counter